000 00331nam a2200109Ia 4500
008 171211s9999 xx 000 0 und d
245 _aGlobalisation Contested: An international political economy of work
245 _cLouise Amoore
260 _c2011
650 _xECONOMICS
856 _uhttp://down.ebook777.com/063/0719085705.pdf
999 _c349560
_d349560